
Library Catalogue

| 000 -LEADER | |
|---|---|
| fixed length control field | 01042nam a22001937a 4500 |
| 005 - DATE AND TIME OF LATEST TRANSACTION | |
| control field | 20260412060604.0 |
| 008 - FIXED-LENGTH DATA ELEMENTS--GENERAL INFORMATION | |
| fixed length control field | 260121b |||||||| |||| 00| 0 eng d |
| 020 ## - INTERNATIONAL STANDARD BOOK NUMBER | |
| International Standard Book Number | 9781108461085 (paperback) |
| 082 ## - DEWEY DECIMAL CLASSIFICATION NUMBER | |
| Classification number | 330 VOI |
| 100 ## - MAIN ENTRY--PERSONAL NAME | |
| Personal name | Voigt, Stefan |
| 245 ## - TITLE STATEMENT | |
| Title | Institutional economics : |
| Remainder of title | an introduction / |
| Statement of responsibility, etc. | Stefan Voigt |
| 260 ## - PUBLICATION, DISTRIBUTION, ETC. | |
| Place of publication, distribution, etc. | New York : |
| Name of publisher, distributor, etc. | Cambridge University Press, |
| Date of publication, distribution, etc. | 2019. |
| 300 ## - PHYSICAL DESCRIPTION | |
| Extent | xi, 293 p. ; |
| Dimensions | 23 cm. |
| 365 ## - TRADE PRICE | |
| Price amount | Rs. 5164.00 |
| 505 ## - FORMATTED CONTENTS NOTE | |
| Formatted contents note | Introduction -<br/>The Basics -<br/>2. Simple Transactions -<br/>3. Repeated and Long-Term Transactions: On the Choice of Governance Structures with Given Institutions -<br/>4, Institutions and Collective Action -<br/>5. The Relevance of Institutions for Growth and Development -<br/>6. Explaining Differences in External Institutions across Societies -<br/>7. Explaining Change in lnternal Institutions -<br/>8. On the Need for Normative Theory -<br/>9. Consequences for Economic Policy -<br/>10. Outlook -<br/>References -<br/>Index. <br/> |
| 650 ## - SUBJECT ADDED ENTRY--TOPICAL TERM | |
| Topical term or geographic name entry element | economics |
| 650 ## - SUBJECT ADDED ENTRY--TOPICAL TERM | |
| Topical term or geographic name entry element | Economic Policy |
| 942 ## - ADDED ENTRY ELEMENTS (KOHA) | |
| Source of classification or shelving scheme | Dewey Decimal Classification |
| Koha item type | BOOKs |
| Withdrawn status | Lost status | Source of classification or shelving scheme | Materials specified (bound volume or other part) | Damaged status | Not for loan | Home library | Current library | Shelving location | Date acquired | Cost, normal purchase price | Total Checkouts | Full call number | Barcode | Date last seen | Price effective from | Koha item type | Public note |
|---|---|---|---|---|---|---|---|---|---|---|---|---|---|---|---|---|---|
| Dewey Decimal Classification | PB | . | . | General Stacks | 21.01.2026 | 5164.00 | 330 VOI | 40671 | 23.01.2026 | 21.01.2026 | BOOKs | Recommended by Mr. Abishek Choutagunta & Mr. Shashank Sharma |